00756nam a2200181 a 450000100100000000500170001000800410002704000250006808200150009310000340010824500780014226000310022030000210025150400730027259000260034595201860037199900170055700003491320200930074001.0111021s19uu po r 000 0 spa d aDO-SdBNPbporcBNPHU axxxxbxxxx1 aCastelo Branco, Camilo96047910aAmor de perdicao :b(memórias duma família) /cCamilo Castelo Branco. aPortugal :bPorto,c19--?. a246 p. ;c19 cm. aIncluye referencias bibliográficas y notas al pie de las páginas aInventariado, 2019/BT 001050718MOaGRbGRcHDd2011-10-21iLF1l0oxxxx xxxxp34913-10r2020-06-25w2020-06-25y1zPerteneció a la biblioteca personal de Juan Isidro Jimenes Grullón.ZNo se presta c34404d34404